Remote Sensing of Land Use and Land Cover: Principles and Applications (Record no. 14643)
[ view plain ]
| 000 -LEADER | |
|---|---|
| fixed length control field | 00454nam a22001337a 4500 |
| 020 ## - INTERNATIONAL STANDARD BOOK NUMBER | |
| ISBN | 9781420070743 |
| 082 ## - DEWEY DECIMAL CLASSIFICATION NUMBER | |
| Classification number | 621.367 |
| Item number | GIR/RE |
| 245 ## - TITLE STATEMENT | |
| Title | Remote Sensing of Land Use and Land Cover: Principles and Applications |
| 260 ## - PUBLICATION, DISTRIBUTION, ETC. (IMPRINT) | |
| Place of publication | Boca Raton |
| Name of publisher | CRC Press, Taylor and Francis Group |
| Year of publication | 2012 |
| 300 ## - PHYSICAL DESCRIPTION | |
| Number of Pages | 425 |
| 490 ## - SERIES STATEMENT | |
| Series statement | Taylor and Francis Series in Remote sensing Applications : Qihao Weng - series Editor |
| 700 ## - ADDED ENTRY--PERSONAL NAME | |
| Personal name | Giri, Chandra P. |
| 942 ## - ADDED ENTRY ELEMENTS (KOHA) | |
| Koha item type | Books |
| Withdrawn status | Lost status | Damaged status | Collection code | Home library | Current library | Shelving location | Date acquired | Source of acquisition | Cost, normal purchase price | Full call number | Accession Number | Koha item type |
|---|---|---|---|---|---|---|---|---|---|---|---|---|
| KAUAET | KAUAET | General Stacks | 22/07/2016 | Dream Tech, Trivandrum | 10127.70 | 621.367 GIR/RE | 24450 | Books |
